Bilecik Bilecik Bilecik Bilecik Bilecik

Arzularımın listesi/ (Record no. 74150)

MARC details
000 -BAŞLIK
Sabit Uzunluktaki Kontrol Alanı 01338nam a22003737a 4500
001 - KONTROL NUMARASI
Control Dosyası 0073395
003 - KONTROL NUMARASI KİMLİĞİ
Kontrol Alanı KOHA_MİRAKIL
005 - EN SON İŞLEM TARİHİ ve ZAMANI
Kontrol Alanı 20260207005138.0
007 - FİZİKSEL TANIM SABİT ALAN - GENEL BİLGİ
Sabit uzunluklu kontrol alanı ta
008 - SABİT UZUNLUKTAKİ VERİ ÖGELERİ - GENEL BİLGİ
Sabit Alan 250312b2014 tu |||gr||||#0|||1|tur |
020 ## - ISBN - ULUSLARARASI STANDART KİTAP NUMARASI
Isbn 9786053433903
040 ## - KATALOGLAMA KAYNAĞI
Özgün Kataloglama Kurumu TR-BiSEU
Kataloglama Dili tur
Çeviri Kurumu TR-BiSEU
Açıklama Kuralları rda
041 0# - DİL KODU
Metin ya da ses kaydının dil kodu tur
044 ## - YAYINLAYAN/ÜRETEN KURULUŞUN ÜLKE KODU
ISO country code tu
050 ## - SINIFLAMA ve YER NUMARASI
Sınıflama Numarası PQ2704.E34
Yer Numarası A79 2014
100 1# - KİŞİ ADI
Yazar Adı (Kişi adı) Delacourt, Gregoire.
245 1# - ESER ADI BİLDİRİMİ
Başlık Arzularımın listesi/
Sorumluluk Bildirimi Gregoire Delacourt ; Gregoire Delacourt; Fransızcadan çeviren Menekşe Tokyay.
264 #1 - ÜRERİM, YAYIN, DAĞITIM ve TELİF BİLDİRİMİ
Yayın yeri İstanbul :
Yayınlayan Pegasus Yayıları
Yayın tarihi 2014
300 ## - FİZİKSEL TANIMLAMA
Sayfa, Cilt vb. 199 sayfa; 21 cm.
336 ## - İÇERİK TÜRÜ
Content type term metin
Content type code txt
Source rdacontent
337 ## - MEDYA TÜRÜ
Media type term aracısız
Media type code n
Source rdamedia
338 ## - TAŞIYICI TÜRÜ
Carrier type term cilt
Carrier type code nc
Source rdacarrier
490 1# - DİZİ BİLDİRİMİ
Dizi Bildirimi Pegasus Yayınları ;
Cilt Numarası 937.
490 1# - DİZİ BİLDİRİMİ
Dizi Bildirimi Bestseller Roman ;
Cilt Numarası 402
500 ## - GENEL NOT
Genel Not Özgün eser adı: La liste de mes envies.
650 #0 - KONU BAŞLIĞI EK GİRİŞ - KONU TERİMİ
Konusal terim veya coğrafi ad Fransız edebiyatı--Türkçeye çeviri.
9 (RLIN) 147796
650 #0 - KONU BAŞLIĞI EK GİRİŞ - KONU TERİMİ
Konusal terim veya coğrafi ad Sıradan ama mutlu bir hayat.
9 (RLIN) 147797
650 #0 - KONU BAŞLIĞI EK GİRİŞ - KONU TERİMİ
Konusal terim veya coğrafi ad Hayatı tamamen değiştirecek bir fırsat.
9 (RLIN) 147798
650 #0 - KONU BAŞLIĞI EK GİRİŞ - KONU TERİMİ
Konusal terim veya coğrafi ad French literature--Translation into Turkish.An ordinary but happy life.An opportunity that will change life completely.
9 (RLIN) 147799
830 1# - SERİ EK GİRİŞİ - TEKBİÇİM ESER ADI
Tekbiçim Başlık Pegasus Yayınları ;
Volume number/sequential designation 937.
9 (RLIN) 22903
830 1# - SERİ EK GİRİŞİ - TEKBİÇİM ESER ADI
Tekbiçim Başlık Bestseller Roman ;
Volume number/sequential designation 402
9 (RLIN) 22904
907 ## - LOCAL DATA ELEMENT G, LDG (RLIN)
a Roman
942 ## - EK GİRİŞ ÖGELERİ (KOHA)
Source of classification or shelving scheme Library of Congress Classification
Koha item type Book
Holdings
Materyal Türü Kalıcı Konum Mevcut Konum Raf Yeri Sınıflandırma Kaynağı Edinim Bilgisi Ana Konular Alt Konular Yer Numarası Demirbaş Numarası Fatura Tarihi Geri Çekilme Durumu Kayıp Durumu Hasarlı Durumu Kredi için değil Kayıt Tarih Toplam Ödünçverme Son Görülme Tarihi Son Kontrol Tarihi Genel / Bağış Notu
Book Prof. Dr. Azmi Özcan Kütüphanesi Prof. Dr. Azmi Özcan Kütüphanesi Birûni Salonu Library of Congress Classification Bağış DİL VE EDEBİYAT Fransız - İtalyan - İspanyol - Portekiz Edebiyatı PQ2704.E34 A79 2014 0073395 02/02/2026         12/03/2025   26/03/2025 26/03/2025 Enes VELİ , Akademisyen